Die besten Filme der 60er - Statistiken

Allgemein
  • Dieses Quiz wurde 50 mal gespielt
  • Das Durchschnittsergebnis liegt bei 4 aus 18
Antwortstatistiken
Platzierung Film Erscheinungsjahr % Korrekt
32. Psycho 1960
67%
48. Spiel mir das Lied vom Tod 1968
48%
89. 2001: Odyssee im Weltraum 1968
42%
95. Lawrence von Arabien 1962
39%
10. Zwei glorreiche Halunken 1966
33%
68. Dr. Seltsam oder: Wie ich lernte, die Bombe zu lieben 1964
24%
109. Wer die Nachtigall stört 1962
21%
105. Das Appartement 1960
18%
234. Der Unbeugsame 1967
15%
126. Für ein paar Dollar mehr 1965
15%
244. Meine Lieder, meine Träume 1965
12%
47. Harakiri 1962
9%
150. Gesprengte Ketten 1963
6%
239. Persona 1966
6%
146. Yojimbo - Der Leibwächter 1961
6%
92. Zwischen Himmel und Hölle 1963
6%
136. Das Urteil von Nürnberg 1961
3%
231. Schlacht um Algier 1966
3%
Keine übereinstimmenden Quizze gefunden
Verteilung der Resultate
Anzahl Personen mit jedem Resultat
Perzentil nach korrekt beantworteten Fragen
Ihre Resultats-Entwicklung
Sie haben dieses Quiz noch nicht gespielt